| 000 | 00853nam a22002537a 4500 | ||
|---|---|---|---|
| 005 | 20170123164144.0 | ||
| 010 | _aB-109556 | ||
| 020 | _c125.00 | ||
| 035 | _aB-109556 | ||
| 037 | _bCen Lib/Ret | ||
| 040 |
_aDPL _bPN |
||
| 082 |
_aਕ _bਪ੍ਰੇਮਪ੍ਰ |
||
| 100 |
_aਪ੍ਰੇਮ ਪ੍ਰਕਾਸ਼ _9128915 |
||
| 245 |
_aਗੰਢਾਂ / _cਪ੍ਰੇਮ ਪ੍ਰਕਾਸ਼ |
||
| 246 |
_aGandhan / _bby Prem Parkash |
||
| 260 |
_aChandigarh _bLokgeet Parkashan _c2003 |
||
| 270 |
_aS.C.O.26-27, Sector 34-A, _bChandigarh _e160022 |
||
| 300 |
_a288p ; _c20cm |
||
| 650 |
_aਪੰਜਾਬੀ-- ਸਾਹਿਤ _9128916 |
||
| 650 |
_aਪੰਜਾਬੀ-- ਕਹਾਣੀਆ _9128917 |
||
| 650 |
_a literature--Punjabi _9128918 |
||
| 650 |
_a Punjabi - story _9128919 |
||
| 942 |
_2ddc _cPN _hਕ _mਪ੍ਰੇਮਪ੍ਰ |
||
| 999 |
_c109868 _d109868 |
||